000 00966nam a22002777a 4500
001 7667
003 FISKH
005 20250730145858.0
008 250730b cb ||||| |||| 00| 0 eng d
020 _a9781848104952
040 _aFISKH
_beng
_cFISKH
_dFISKH
050 _aPZ7
082 _a823.9208
100 _aGallagher, Belinda
245 _aAnansi and Mr Snake and other stories :
_bTen-minute stories /
_cBy Belinda Gallagher
250 _aFirst published in 2011
260 _aCalifornia
_bMike Kelly Publishing Ltd ,
_c2011.
300 _a40 pages :
_bcolor illustrations ;
_c28 cm .
505 _aP
520 _aSimply retold and wonderfully illustrated, this series brings together charming tales that children will enjoy. Each story takes approximately 10 minutes to read.
521 8 _a640
_bLexile estimate
521 8 _aP
_bRaz-Plus
700 _aCowan, Jo
_eCreative Director
942 _2ddc
_cBK
_n0
999 _c7667
_d7667